Дело о выдаче денег артистам на проезды в Московский театр

Доступно только в Электронных читальных залах Найти на картеНа карте
RUSMARC
00003902nmc2a22000003x 450
001a319414b-10ba-456c-88e7-4786809814c4
00520181003152759.0
100##$a20161212l18121812k l0rusy0189 ca
1010#$arus
102##$aRU
2001#$aДело о выдаче денег артистам на проезды в Московский театр
$jянварь 1812 г.
251##$cДело
300##$aДело
300##$aОриг. заголовок дела: Дело об отправлении в Москву к местному театру разных артистов. январь 1812 г
801#0$aRU
$bРГИА
$c20161212
$gRCR
801#1$aRU
$bГлавНИВЦ
$c20161212
$2rusmarc
801#2$aRU
$bПБ им. Б.Н. Ельцина
$c20181003
$gRCR
$2rusmarc
850##$aРГИА
852##$aРГИА
$eФедеральное казенное учреждение "Российский государственный исторический архив" (РГИА)
$j1148
937##$hРГИА
$d12235542
$aASBIBLIO_SCAN
462#0$1001dd3991dc-24e1-42ec-8838-ca4255420416
$12001
$a1746-1850 гг.
$1251
$cОпись
$1852
$j1
461#0$10019264ebf8-de62-4f1a-9eb4-9f22098dbbd5
$12001
$aДирекция императорских театров МИДв
$1251
$cФонд
$1852
$j497
215##$a5 л.
$d36,5х26 см
371##$aДокумент не является опубликованным и широко распространяемым
105##$ay###
1222#$ad
5171#$aДело об отправлении в Москву к местному театру разных артистов. январь 1812 г
035##$aa319414b-10ba-456c-88e7-4786809814c4
856##$uhttp://readingroom.main.prlib.ru/item.aspx?id_node=n118850276&mode=full
Формат отображения